000 00611nam a2200217Ia 4500
005 20250508163832.0
008 008 250505s9999 xx 000 0 eng d
020 _a81-7141-556-3
037 _aTextual
040 _aFEDL
_beng
_cFEDL
041 _aeng
_2eng
084 _a371.1, EDI
_qFEDL
100 _aEdiger Marlow
_9776485
245 0 _aTeaching reading successfully
260 _aNew Delhi, India
_bDiscovery Publishing House
_c2000
300 _a376p
650 _aTeaching
700 _a Rao Digumarti Bhaskara
_9776486
942 _cTEXL
_h371.1, EDI
999 _c1385515
_d1385515